000 00295nam a22001337a 4500
008 170616b xxu||||| |||| 00| 0 eng d
020 _a394331648
041 _aeng
080 _a32
100 _a20
101 _aSHP
245 _aNETWORKS OF INTERDEPENDENCE
_cJACOBSON, H.K
942 _2udc
_cBK
999 _c17866
_d17866